000 00584nam a22001937a 4500
003 LK-CoDNM
005 20250109121033.0
008 250102b |||||||| |||| 00| 0 eng d
040 _aLK-CoDNM
_dLK-CoDNM
_eLK-CoDNM
041 _aeng
080 _a5
_bA20
100 _aG.E. Dobson, M.A., M.B., F.L.S.
245 _aMonograph of the Asiatic Chiroptera, and catalogue of the species of bats in the collection of the Indian museum, Calcutta
260 _aLondon
_bThe trustees
_c1876
300 _bviii, 228p. : ill ; 24 cm
650 _aScience
650 _a1876
942 _cBK
999 _c235667
_d235667